000 00328nam a2200145Ia 4500
100 _aAICTE
942 _cBK
654 _aErgonomics
245 _aErgonomics CO-NO : 264
260 _bContinuing Education Programmer AICTE
_aBangalore
_c1993
082 _a620.82
_bAICTE
300 _a81
546 _aENGLISH
999 _c28691
_d28691